| 000 | 00400nam a22001817a 4500 | ||
|---|---|---|---|
| 003 | OSt | ||
| 005 | 20211029101902.0 | ||
| 008 | 211029b |||||||| |||| 00| 0 eng d | ||
| 020 | _a0767900111 | ||
| 040 | _chu | ||
| 082 | _a305.4833 | ||
| 100 |
_aesther dyson _916254 |
||
| 245 | _arelease 2.0 | ||
| 250 | _a1st | ||
| 260 |
_anew york _bbroadway _c1997 |
||
| 300 | _a307p | ||
| 942 |
_2ddc _cBOOKS _n0 |
||
| 999 |
_c15788 _d15788 |
||